Normal view
MARC view
Entry Personal Name
001 - CONTROL NUMBER
- control field: 30348
003 - CONTROL NUMBER IDENTIFIER
- control field: ARRUPE
005 - DATE AND TIME OF LATEST TRANSACTION
- control field: 20170503103454.0
008 - FIXED-LENGTH DATA ELEMENTS
- fixed length control field: 170503|| aca||aabn | a|a d
040 ## - CATALOGING SOURCE
- Original cataloging agency: ARRUPE
- Transcribing agency: ARRUPE
100 ## - HEADING--PERSONAL NAME
- Personal name: Mondlane, Eduardo,
- Dates associated with a name: 1920-1969.
670 ## - SOURCE DATA FOUND
- Source citation: Work cat.: (ARRUPE)3447: Mondlane, Eduardo, 1920-1969., The struggle for Mozambique., 1969.